000 00525nam a22001577a 4500
008 230216b |||||||| |||| 00| 0 eng d
020 _a978-93-5465-576-0
082 _22nd ed
_a540
100 _aSuresh K Sharma
245 _aTextbook of Biochemistry and Biophysics for Nurses
_bAs per the syllabus of Post Bsc Nursing of Indian Nursing Council
_cSuresh K Sharma
250 _a2nd ed
260 _aNew Delhi, India
_bJaypee Brothers Medical Publishers
_c2022
300 _a322 p
_c24.1cm
942 _2ddc
999 _c9288
_d9289